Pharmacy on a bicycle (Record no. 31775)
[ view plain ]
| 000 -LEADER | |
|---|---|
| fixed length control field | 01399nam a2200349Ia 4500 |
| 082 04 - DEWEY DECIMAL CLASSIFICATION NUMBER | |
| Classification number | 362.17/82091724 |
| 100 1# - MAIN ENTRY--AUTHOR NAME | |
| Personal name | Bing, Eric G. |
| 245 10 - TITLE STATEMENT | |
| Title | Pharmacy on a bicycle |
| 260 ## - PUBLICATION, DISTRIBUTION, ETC. (IMPRINT) | |
| Place of publication | San Francisco : |
| Name of publisher | Berrett-Koehler Publishers, |
| Year of publication | c2013. |
| 300 ## - PHYSICAL DESCRIPTION | |
| Number of Pages | xii, 223 p. : |
| Other physical details | ill., port. |
| 650 #0 - SUBJECT ADDED ENTRY--TOPICAL TERM | |
| Topical Term | Pharmaceutical policy |
| Topical Term | Drugs |
| Topical Term | Medical care |
| Topical Term | World health. |
| 700 1# - ADDED ENTRY--PERSONAL NAME | |
| Personal name | Epstein, Marc J. |
| 856 40 - ELECTRONIC LOCATION AND ACCESS | |
| Uniform Resource Identifier | http://site.ebrary.com/lib/rucke/Doc?id=10682508 |
No items available.
